Six pays les plus proches - Mongolie - Statistiques

Statistiques générales
  • Ce quiz a été pris 237 fois
  • Le résultat moyen est 4 sur 6
Statistiques - réponses
km pays % Correct
0 Chine
97%
0 Russie
94%
770 Corée du Nord
64%
39 Kazakhstan
63%
1102 Corée du Sud
52%
920 Kirghizistan
25%
Aucun quiz correspondant
Distribution des résultats
% des personnes avec chaque résultat
Percentile par nombre de réponses
Votre historique - résultats
Vous n’avez pas pris ce quiz